| 000 | 00969cam a2200289 a 4500 | ||
|---|---|---|---|
| 001 | 000014616 | ||
| 005 | 20250611121345.0 | ||
| 008 | 830624s1983 ilua b 001 0 eng d | ||
| 020 | _a0256028656 | ||
| 040 |
_aDO-SdBNP _bspa _cBNPHU |
||
| 082 |
_a302 _bW923u, 1983. |
||
| 100 | 1 |
_aWorchel, Stephen, _933106 |
|
| 245 | 1 | 0 |
_aUnderstanding social psychology / _cStephen Worchel, Joel Cooper ; editores Wendell E. Jeffrey y Salvatore R. Maddi. |
| 250 | _a3a ed. | ||
| 260 |
_aIllinois : _bThe Dorsey Press, _c1983. |
||
| 300 |
_axviii, 593 p. : _bil. ; _c24 cm. |
||
| 490 | 1 | _aDorsey in psychology | |
| 500 | _aIncluye glosario e índice. | ||
| 504 | _aIncluye Bibliografía: p. 592-593. | ||
| 650 | 0 |
_aPsicología social _91574 |
|
| 700 | 1 |
_aCooper, Joel. _933107 |
|
| 700 | 1 |
_aJeffrey, Wendell E., _eed. _933108 |
|
| 700 | 1 |
_aMaddi, Salvatore, _eed. _933109 |
|
| 830 | 0 |
_aDorsey in psychology. _933110 |
|
| 910 | _aCatalogación derivada / LC | ||
| 049 | _aBNGR | ||
| 999 |
_c14201 _d14201 |
||